Представление документа в формате MARC21

Поле Инд. ПП Название Значение
Тип записи a
Библиографический уровень m
001 Контрольный номер da35326703dd4401bc4de8b0cda954aa
005 Дата корректировки 20220923134351.8
040 b Код языка каталог. rus
041 0_ a Код языка текста rus
080 a Индекс УДК 004.42
084 a Индекс другой классификации/Индекс ББК 32.973
090 a Полочн. индекс 681.3
x Авторский знак С43
097 b Оператор 02
100 1_ a Автор Скляров В. А.
245 10 a Заглавие Исследование и разработка управляющих автоматов для оконечной цифровой аппаратуры специализированных АСУ
b Продолж. заглавия дисс. на соиск. учёной степени канд. техн. наук : 05.13.05
260 a Место издания Мн.
b Издательство МРТИ
c Дата издания 1978
300 a Объем 289 с.
510 0_ a Примечание о ссылках Диссертации и авторефераты диссертаций
653 0_ a Ключевые слова автоматизированные системы управления
901 t Тип документа d